00373nam a22001097a 450000500170000002000180001708200160003510000220005124501250007326000480019830000170024620260624142236.0 a9781009170741 a324.2 KAD/P aKadir Yildirim, A aThe politics of religious party change:bIslamist and Catholic parties in comparative perspective/cby A.Khadir Yildiram a. - UKb: Cambrridge Univerity Pressc,2024 axv+308 pages